| 000 | 00382nam a2200145Ia 4500 | ||
|---|---|---|---|
| 008 | 230917s9999||||xx |||||||||||||| ||und|| | ||
| 040 |
_e58679 _aMAIN |
||
| 041 | _aEnglish | ||
| 082 | _a380.5 T579T | ||
| 100 | _aTolley, R S | ||
| 245 | 0 | _aTransport systems policy and planning: a geographical approach | |
| 260 |
_aLondon _bLongman _c1995 |
||
| 300 | _axviii, 402 p. | ||
| 942 | _cBK | ||
| 999 |
_c85756 _d85756 |
||